000 00662nam a2200289Ia 4500
001 Z_2883
003 CHAP
008 220113s1989 xx 000 0 und d
010 _a165959
040 _cCHAP
082 _a636.2 B4
100 _aBorghi, Arduino
_913864
245 _aConstrucción de establos para bovinos /
_cpor Arduino Borghi
260 _aBarcelona :
_bCEAC,
_c1989
300 _a142 p.
440 _a
500 _a
503 _aC/E
650 _aEstablos I. t.
_9139990
650 _aGanado vacuno
_xAlojamientos
_9139991
901 _a636.2 B4
902 _aA
910 _a1989
942 _c1
942 _cc1
999 _c165959
_d165959